000 00260nam a2200097Ia 4500
008 220204s9999 xx 000 0 und d
082 _a030=111
_bCHA
245 0 _aChambers 21st Century dictionary
260 _aNew Delhi
_bAllied Chambers India
_c2000
942 _cBK
999 _c41746
_d41746